<?xml version="1.0" encoding="UTF-8"?>
<record
    xmlns:xsi="http://www.w3.org/2001/XMLSchema-instance"
    xsi:schemaLocation="http://www.loc.gov/MARC21/slim http://www.loc.gov/standards/marcxml/schema/MARC21slim.xsd"
    xmlns="http://www.loc.gov/MARC21/slim">

  <leader>01187nam a2200253 a 4500</leader>
  <controlfield tag="001">BRCA_586</controlfield>
  <controlfield tag="005">20190320203055.0</controlfield>
  <controlfield tag="008">880714s1988    ohua---##b---#000-0#eng-#</controlfield>
  <datafield tag="020" ind1=" " ind2=" ">
    <subfield code="a">091557716X</subfield>
  </datafield>
  <datafield tag="041" ind1=" " ind2=" ">
    <subfield code="a">eng</subfield>
  </datafield>
  <datafield tag="044" ind1=" " ind2=" ">
    <subfield code="a">ohu</subfield>
  </datafield>
  <datafield tag="050" ind1=" " ind2="4">
    <subfield code="a">NK4565.5</subfield>
    <subfield code="b">.K47 1988</subfield>
  </datafield>
  <datafield tag="100" ind1="1" ind2=" ">
    <subfield code="a">Keppel, Sheila</subfield>
    <subfield code="9">2015</subfield>
  </datafield>
  <datafield tag="245" ind1="1" ind2="0">
    <subfield code="a">China in 1700</subfield>
    <subfield code="b">Kangxi Porcelains at the Taft Museum</subfield>
    <subfield code="c">Sheila Keppel ; [photography Tony Walsh, Anthony Lauro, Ron Forth].</subfield>
  </datafield>
  <datafield tag="260" ind1=" " ind2=" ">
    <subfield code="a">Cincinnati, Ohio</subfield>
    <subfield code="b">The Taft Museum</subfield>
    <subfield code="c">c1988</subfield>
  </datafield>
  <datafield tag="300" ind1=" " ind2=" ">
    <subfield code="a">24 p.</subfield>
    <subfield code="b">il. (algunas a color)</subfield>
    <subfield code="c">22 cm.</subfield>
  </datafield>
  <datafield tag="500" ind1=" " ind2=" ">
    <subfield code="a">Cat&#xE1;logo de la exposici&#xF3;n realizada en The Taft Museum (Cincinnati, Ohio), 8 septiembre - 23 octubre, 1988 ; en el Flint Institute of Arts in the DeWaters Art Center (Flint, Michigan), 15 abril - 10 junio, 1989 y en la Ball State University, College of Fine Arts, Art Gallery, 16 julio - 17 septiembre, 1989</subfield>
  </datafield>
  <datafield tag="600" ind1="1" ind2="4">
    <subfield code="a">Kangxi</subfield>
    <subfield code="c">Emperor of China</subfield>
    <subfield code="d">1654-1722</subfield>
    <subfield code="v">Exposiciones</subfield>
    <subfield code="x">Mecenazgo art&#xED;stico</subfield>
    <subfield code="9">2016</subfield>
  </datafield>
  <datafield tag="610" ind1="2" ind2="4">
    <subfield code="a">Taft Museum</subfield>
    <subfield code="v">Exposiciones</subfield>
    <subfield code="9">2017</subfield>
  </datafield>
  <datafield tag="650" ind1="1" ind2="4">
    <subfield code="a">Porcelana china</subfield>
    <subfield code="v">Exposiciones</subfield>
    <subfield code="y">Dinast&#xED;a Ming-Qing, 1368-1912</subfield>
    <subfield code="9">2018</subfield>
  </datafield>
  <datafield tag="700" ind1="1" ind2=" ">
    <subfield code="a">Walsh, Tony</subfield>
    <subfield code="9">2019</subfield>
  </datafield>
  <datafield tag="700" ind1="1" ind2=" ">
    <subfield code="a">Lauro, Anthony</subfield>
    <subfield code="9">2020</subfield>
  </datafield>
  <datafield tag="942" ind1=" " ind2=" ">
    <subfield code="2">lcc</subfield>
    <subfield code="c">B</subfield>
  </datafield>
  <datafield tag="999" ind1=" " ind2=" ">
    <subfield code="c">514</subfield>
    <subfield code="d">514</subfield>
  </datafield>
  <datafield tag="952" ind1=" " ind2=" ">
    <subfield code="0">0</subfield>
    <subfield code="1">0</subfield>
    <subfield code="4">0</subfield>
    <subfield code="7">0</subfield>
    <subfield code="a">BRCA</subfield>
    <subfield code="b">BRCA</subfield>
    <subfield code="d">2008-06-25</subfield>
    <subfield code="l">0</subfield>
    <subfield code="o">NK4565.5 .K47 1988</subfield>
    <subfield code="p">00902</subfield>
    <subfield code="r">2019-03-22 00:00:00</subfield>
    <subfield code="w">2019-03-22</subfield>
    <subfield code="y">B</subfield>
  </datafield>
</record>
